000 00657cam a22002294a 4500
008
020 _a007243404X (pbk.)
049 _aMAIN
090 _aBF121
_bLAH
100 1 _aLahey, Benjamin B.
245 1 0 _aEssentials of psychology /
_cBenjamin B. Lahey.
260 _aBoston :
_bMcGraw-Hill,
_cc2002.
300 _axxvii, 482 p. :
_bill. (some col.) ;
_c28 cm.
500 _aIncludes index.
504 _aIncludes bibliographical references.
650 0 _aPsychology.
907 _a.b1029434x
_b08-08-12
_c06-04-11
003
005 20230123125217.0
040 _cNUST
942 _cBOOKS
_kBF121
_mLAH
999 _c137624
_d137624